The Nine Muses - Statistics

General Stats
  • This quiz has been taken 937 times
  • The average score is 5 of 9
Answer Stats
Hint Answer % Correct
History Clio
69%
Epic Poetry Calliope
66%
Comedy Thalia
66%
Love Poetry Erato
62%
Astronomy Urania
58%
Dance Terpsichore
55%
Hymns Polyhymnia
45%
Tragedy Melpomene
44%
Song/Elegiac Poetry Euterpe
42%
No matching quizzes found
Score Distribution
Percent of People with Each Score
Percentile by Number Answered
Your Score History
You have not taken this quiz